| 000 | 01416cam a2200289 a 4500 | ||
|---|---|---|---|
| 001 | 17207059 | ||
| 005 | 20221220103633.0 | ||
| 008 | 120312s2013 enka b 001 0 eng | ||
| 010 | _a 2012008846 | ||
| 020 | _a9780415782456 (hbk.) | ||
| 020 | _a9780203097571 (ebk.) | ||
| 040 |
_aDLC _cDLC _dDLC |
||
| 042 | _apcc | ||
| 050 | 0 | 0 |
_aH97 _b.R68 2013 |
| 082 | 0 | 0 |
_a320.6,ARA _223 |
| 245 | 0 | 0 |
_aRoutledge handbook of public policy / _cedited by Eduardo Araral ... [et al.]. |
| 246 | 3 | 0 | _aHandbook of public policy |
| 260 |
_aLondon ; _aNew York : _bRoutledge, _c2013. |
||
| 300 |
_axviii, 528 p. : _bill. ; _c26 cm. |
||
| 490 | 0 | _aRoutledge handbooks | |
| 505 | _aPart I: Introduction to the study of the public policy process (Page-1), Part II: Conceptualizing public policy-making (Page-57), Part III: Modelling the policy process (Page-113), Understanding the agenda-setting process (Page-165), Understanding the formulation process (Page-215), Understanding the decision-making process (Page-271), Understanding the implementation process (Page-329), Understanding the evaluation process (Page-385), Policy dynamics (Page-449). | ||
| 650 | 0 |
_aPolicy sciences. _95497 |
|
| 700 | 1 |
_aAraral, Eduardo, _cJr. _9105292 |
|
| 906 |
_a7 _bcbc _corignew _d1 _eecip _f20 _gy-gencatlg |
||
| 942 |
_2ddc _cBK _k320.6,ARA |
||
| 999 |
_c592735 _d592735 |
||